|
|
|
|
| LEADER |
00000nam0a2200000 4500 |
| 001 |
57047 |
| 005 |
20231031054031.0 |
| 010 |
|
|
|a 5947232138
|
| 035 |
|
|
|a (RuTPU)RU\TPU\book\60034
|
| 090 |
|
|
|a 57047
|
| 100 |
|
|
|a 20031021d2003 m y0rusy50 ca
|
| 101 |
0 |
|
|a rus
|
| 102 |
|
|
|a RU
|
| 105 |
|
|
|a a j 001zy
|
| 200 |
1 |
|
|a Реклама
|e учебник
|f Е. В. Ромат
|
| 205 |
|
|
|a 6-е изд.
|
| 210 |
|
|
|a СПб.
|c Питер
|d 2003
|
| 215 |
|
|
|a 557 с.
|c ил.
|
| 225 |
1 |
|
|a Учебник для вузов
|
| 225 |
1 |
|
|a Издательская программа "300 лучших учебников для высшей школы в честь 300-летия Санкт-Петербурга"
|
| 320 |
|
|
|a Библиогр.: с. 499-503
|
| 320 |
|
|
|a Глоссарий: с. 504-534
|
| 320 |
|
|
|a Именной указатель: с. 535-538
|
| 320 |
|
|
|a Предметный указатель: с. 538-553
|
| 320 |
|
|
|a Указатель фирм и торговых марок: с. 553-556
|
| 451 |
|
1 |
|0 (RuTPU)RU\TPU\book\14543
|y 966-7530-12-4
|t Реклама
|o учебник
|f Е. В. Ромат
|e 3-е изд., перераб.и доп.
|c Киев
|n Студцентр
|d 1999
|p 480 с.
|a Ромат, Евгений Викторович
|
| 610 |
1 |
|
|a экономика
|
| 610 |
1 |
|
|a реклама
|
| 610 |
1 |
|
|a история
|
| 610 |
1 |
|
|a маркетинг
|
| 610 |
1 |
|
|a маркетинговые коммуникации
|
| 610 |
1 |
|
|a рекламное обращение
|
| 610 |
1 |
|
|a рекламный менеджмент
|
| 610 |
1 |
|
|a рекламная деятельность
|
| 610 |
1 |
|
|a учебники
|
| 675 |
|
|
|a 659(075.8)
|v 3
|
| 700 |
|
1 |
|a Ромат
|b Е. В.
|g Евгений Викторович
|
| 801 |
|
1 |
|a RU
|b 63413507
|c 20031021
|g PSBO
|
| 801 |
|
2 |
|a RU
|b 63413507
|c 20211014
|g PSBO
|
| 900 |
|
|
|a Основы рекламы
|
| 900 |
|
|
|a Рекламный менеджмент
|
| 900 |
|
|
|a История рекламы
|
| 942 |
|
|
|c BK
|
| 959 |
|
|
|a 118/20040908
|d 1
|e 158,95
|f АНЛ:1
|